00422 2200181 4500001002100000005001500021035002000036007000300056008004100059082000800100084001400108100001200122245003400134260002900168300001600197650001000213856001700223INLIS00000000000816020260126095036 a0010-0126000157ta260126 0 ind  a300 a300 MOC s0 aMOCHTAR1 aSUARA WAKIL DAERAH /cMOCHTAR aBANTEN :bHASANAH,c2009 a528 ;c25cm 4ahukum aALUMNI HUKUM